Comparative constitutionalism in South Asia / (Record no. 74930)

MARC details
000 -LEADER
fixed length control field 01449nam a22002537a 4500
005 - DATE AND TIME OF LATEST TRANSACTION
control field 20130501114235.0
010 ## - LCCN (DPL NO)
LC control number ENG-106934
020 ## - INTERNATIONAL STANDARD BOOK NUMBER
International Standard Book Number 9780198081760
Terms of availability 950.00
020 ## - INTERNATIONAL STANDARD BOOK NUMBER
International Standard Book Number 0198081766
Terms of availability 950.00
035 ## - SYSTEM CONTROL NUMBER
System control number EN-90467
037 ## - SOURCE OF ACQUISITION
Source of stock number/acquisition DBAD/PUB
082 04 - DEWEY DECIMAL CLASSIFICATION NUMBER
Classification number 342.54
Edition number 23
245 00 - TITLE STATEMENT
Title Comparative constitutionalism in South Asia /
Statement of responsibility, etc edited by Sunil Khilnani, Vikram Raghavan [and] Arun K. Thiruvengadam.
260 ## - PUBLICATION, DISTRIBUTION, ETC. (IMPRINT)
Place of publication, distribution, etc New Delhi
Name of publisher, distributor, etc Oxford University Press
Date of publication, distribution, etc 2013
270 ## - ADDRESS
Address YMCA Library Building, 1 Jai Singh Road
City New Delhi
Postal code 110001
300 ## - PHYSICAL DESCRIPTION
Extent xii, 401 p.
Dimensions 23cm(Hb)
500 ## - GENERAL NOTE
General note Includes bibliographical references and index.
505 0# - FORMATTED CONTENTS NOTE
Formatted contents note Introduction: Reviving South Asian comparative constitutionalism -- Modelling 'optimal' constitutional design for government structures -- How to do comparative constitutional law in India -- Constitutional developments in a Himalayan kingdom -- Separating religion and politics? -- The democratic state and religious pluralism -- Constitutional borrowing in South Asia -- Inheritance unbound -- Religious freedom in India and Pakistan -- Pilate's paramount duty -- Constitutionalism and the judiciary in Bangladesh -- Revisiting the role of the judiciary in plural societies (1987).
650 #0 - SUBJECT ADDED ENTRY--TOPICAL TERM
Topical term or geographic name as entry element Constitutional law
Geographic subdivision South Asia.
700 1# - ADDED ENTRY--PERSONAL NAME
Personal name Khilnani, Sunil,
Dates associated with a name 1960-
700 1# - ADDED ENTRY--PERSONAL NAME
Personal name Raghavan, Vikram.
700 1# - ADDED ENTRY--PERSONAL NAME
Personal name Thiruvengadam, Arun K.
942 ## - ADDED ENTRY ELEMENTS (KOHA)
Source of classification or shelving scheme Dewey Decimal Classification
Item type English Books
Classification part 342.54
Call number suffix COM
Holdings
Withdrawn status Lost status Not for loan Collection code Home library Current library Date acquired Source of acquisition Cost, normal purchase price Full call number Barcode Copy number Cost, replacement price Koha item type
    Not For Loan Non-fiction D.B.Act.Division D.B.Act.Division 29/04/2013 DBAD/PUB 950.00 342.54 COM EN-90467 1 950.00 English Books

© Delhi Public Library
Hit Counter
free hit counter